Départements français dans des hexagones aléatoires - Statistiques

Statistiques générales
  • Ce quiz a été pris 10 280 fois
  • Le résultat moyen est 15 sur 20
Réponses sur la Carte
Les réponses sont colorées sur une échelle allant du rouge au vert en fonction du pourcentage des utilisateurs qui les ont devinées à leur premier essai. Vous pouvez retrouver ces pourcentages ci-dessous.
 
Statistiques - réponses
Pays % Correct
Finistère
95%
Nord | Pas-de-Calais
94%
Finistère | Morbihan
93%
Nord | Pas-de-Calais
93%
Nord | Somme | Pas-de-Calais | Aisne
92%
Finistère | Morbihan | Loire-Atlantique
91%
Yvelines | Oise | Val-d'Oise | Hauts-de-Seine | Paris | Seine-Saint-Denis | Essonne | Val-de-Marne | Seine-et-Marne
90%
Côtes-d'Armor | Morbihan | Ille-et-Vilaine
89%
Seine-Maritime | Somme | Pas-de-Calais
89%
Finistère | Côtes-d'Armor
88%
Finistère | Côtes-d'Armor | Morbihan
88%
Gironde | Landes
88%
Charente-Maritime | Gironde
87%
Vosges | Bas-Rhin | Haut-Rhin | Moselle
87%
Cantal | Puy-de-Dôme | Lozère | Loire | Haute-Loire | Ardèche
86%
Nord |Aisne
86%
Manche | Calvados
84%
Saône-et-Loire | Loire | Ain | Rhône | Jura
84%
Var | Alpes-de-Haute-Provence | Alpes-Maritimes
84%
Calvados | Eure | Seine-Maritime
83%
Gard | Bouches-du-Rhône | Vaucluse
83%
Landes | Pyrénées-Atlantiques
83%
Loire | Haute-Loire | Ardèche | Drôme | Isère
83%
Loire | Puy-de-Dôme | Haute-Loire | Rhône | Ain | Isère
83%
Manche | Calvados | Orne
83%
Moselle | Bas-Rhin
83%
Loire-Atlantique | Vendée
82%
Charente-Maritime | Gironde
81%
Corse-du-Sud | Haute-Corse
81%
Eure | Seine-Maritime | Oise | Somme
81%
Haute-Saône | Vosges | Doubs | Territoire-de-Belfort | Haut-Rhin
81%
Hérault | Gard | Aveyron | Bouches-du-Rhône
81%
Ille-et-Vilaine | Manche
81%
Ille-et-Vilaine | Manche | Orne | Mayenne
81%
Ain | Haute-Savoie | Doubs | Jura
80%
Allier | Puy-de-Dôme | Nièvre | Saône-et-Loire | Loire
80%
Ardennes | Meurthe-et-Moselle | Meuse | Moselle
80%
Meurthe-et-Moselle | Meuse | Vosges | Haute-Saône | Bas-Rhin | Haut-Rhin
80%
Puy-de-Dôme | Cantal | Haute-Loire | Allier | Loire
80%
Vendée | Charente-Maritime
80%
Bas-Rhin
79%
Bouches-du-Rhône | Vaucluse | Var | Alpes-de-Haute-Provence
79%
Vendée | Charente-Maritime | Deux-Sèvres
79%
Aude | Hérault | Pyrénées-Orientales
78%
Corse-du-Sud | Haute-Corse
78%
Côtes-d'Armor
78%
Morbihan | Loire-Atlantique | Ille-et-Vilaine
78%
Rhône | Ain | Isère | Haute-Savoie | Savoie
78%
Bouches-du-Rhône | Var
77%
Charente | Charente-Maritime | Gironde | Dordogne | Lot-et-Garonne
77%
Haute-Savoie | Savoie | Isère
77%
Meuse | Meurthe-et-Moselle | Moselle
77%
Tarn-et-Garonne | Haute-Garonne | Tarn | Gers | Ariège | Aude
77%
Eure | Seine-Maritime
76%
Haute-Corse
76%
Indre | Creuse | Cher | Allier | Puy-de-Dôme
76%
Loire-Atlantique | Vendée | Maine-et-Loire | Deux-Sèvres
76%
Tarn | Aude | Aveyron | Hérault
76%
Alpes-de-Haute-Provence | Hautes-Alpes | Alpes-Maritimes
75%
Eure | Yvelines | Eure-et-Loir | Oise | Val-d'Oise
75%
Landes | Pyrénées-Atlantiques | Gers | Hautes-Pyrénées | Tarn-et-Garonne | Lot-et-Garonne | Haute-Garonne
75%
Lot | Corrèze | Cantal | Puy-de-Dôme | Lozère | Aveyron
75%
Calvados | Eure | Orne
74%
Gironde | Landes | Gers | Lot-et-Garonne
74%
Manche
74%
Aisne | Ardennes | Marne
73%
Drôme | Isère | Hautes-Alpes | Savoie
73%
Loire-Atlantique | Ille-et-Vilaine | Mayenne | Sarthe | Maine-et-Loire
73%
Aisne |Oise | Somme
72%
Aveyron | Cantal | Lozère | Gard | Hérault
72%
Landes | Pyrénées-Atlantiques | Gers
72%
Charente | Dordogne | Haute-Vienne | Corrèze
71%
Corse-du-Sud
71%
Eure-et-Loir | Yvelines | Essonne | Loiret | Seine-et-Marne
71%
Indre-et-Loire | Loir-et-Cher | Indre | Loiret | Eure-et-Loir
71%
Marne | Ardennes | Haute-Marne | Meuse
71%
Marne | Haute-Marne | Aube | Yonne | Côte-d'Or
71%
Pyrénées-Atlantiques
71%
Seine-et-Marne | Marne | Yonne | Aube | Loiret
71%
Vienne | Haute-Vienne | Indre | Creuse
71%
Ardennes
70%
Ariège | Aude | Pyrénées-Orientales
70%
Côte-d'Or | Saône-et-Loire | Doubs | Jura | Haute-Saône
70%
Gers | Lot-et-Garonne | Dordogne | Lot | Tarn-et-Garonne
70%
Haute-Vienne | Corrèze | Creuse | Puy-de-Dôme | Cantal
70%
Loir-et-Cher | Loiret | Yonne | Cher | Nièvre
70%
Lozère | Gard | Ardèche | Vaucluse | Drôme
70%
Vaucluse | Drôme | Alpes-de-Haute-Provence | Hautes-Alpes
70%
Alpes-de-Haute-Provence | Hautes-Alpes | Savoie
69%
Lot | Tarn-et-Garonne | Tarn | Aveyron | Cantal
69%
Pyrénées-Atlantiques | Hautes-Pyrénées
69%
Aisne | Seine-et-Marne | Marne | Aube
68%
Alpes-Maritimes
68%
Charente | Charente-Maritime | Dordogne | Deux-Sèvres
68%
Dordogne | Lot | Corrèze | Cantal
68%
Doubs | Jura
68%
Hautes-Pyrénées | Haute-Garonne | Ariège
68%
Haute-Marne | Meurthe-et-Moselle | Meuse | Vosges
66%
Loir-et-Cher | Indre | Cher
66%
Maine-et-Loire | Deux-Sèvres | Indre-et-Loire | Vienne
66%
Sarthe | Maine-et-Loire | Indre-et-Loire | Loir-et-Cher
66%
Var
66%
Deux-Sèvres | Vienne | Haute-Vienne | Charente
65%
Indre-et-Loire | Vienne | Loir-et-Cher | Indre
65%
Côte-d'Or | Haute-Marne | Haute-Saône | Vosges | Doubs
64%
Moselle
64%
Orne | Mayenne | Sarthe
63%
Cher | Nièvre | Allier
62%
Orne | Sarthe | Eure-et-Loir | Loir-et-Cher
62%
Yonne | Nièvre | Aube | Côte-d'Or
62%
Haute-Corse
61%
Haute-Savoie
59%
Nièvre | Côte-d'Or | Saône-et-Loire
58%
Morbihan
57%
Côte-d'Or | Haute-Marne | Haute-Saône
55%
Pyrénées-Orientales
55%
Pyrénées-Orientales | Ariège
53%
Aucun quiz correspondant
Distribution des résultats
% des personnes avec chaque résultat
Percentile par nombre de réponses
Votre historique - résultats
Vous n’avez pas pris ce quiz